00544nam a22001457a 4500008004100000040005500041080002700096100003100123245013100154260005200285300000900337700002200346942001300368999001700381230801b |||||||| |||| 00| 0 eng d aNational Science LibrarycNational Science Library aR 016:614.7:5.28.7bL11 aBrooks, Paul Dennis912881 aAnnotated bibliography of remote sensing of air and water pollutionc/ Army Topographic Command Washington, D.C September 1971 aWashington: bUS Department of Commerce, c1971 a21p. aThomson, George W 2udccREF c56534d56534